Electrotécnia : fundamentos teóricos y aplicaciones prácticas /
Guardado en:
| Autor Principal: | |
|---|---|
| Otros Autores: | |
| Formato: | Libro |
| Idioma: | Spanish |
| Publicado: |
Madrid :
Aguilar,
1967.
|
| Edición: | 4a. ed. |
| Materias: | |
| Etiquetas: |
Agregar Etiqueta
Sin Etiquetas, Sea el primero en etiquetar este registro!
|
| LEADER | 00899nam a22002175a 4500 | ||
|---|---|---|---|
| 001 | EUN.eunm001978 | ||
| 005 | 20190503085048.0 | ||
| 008 | 041125s1967####sp#a##########000#0#spa#d | ||
| 082 | 0 | 4 | |a 621.3 |a 15 |
| 100 | 1 | |a Gray, Alexander., |d 1882-1921 |n n 85039424. | |
| 245 | 1 | 0 | |a Electrotécnia : |b fundamentos teóricos y aplicaciones prácticas / |c Alexander Gray, G. A. Wallace. |
| 250 | |a 4a. ed. | ||
| 260 | |a Madrid : |b Aguilar, |c 1967. | ||
| 300 | |a 696 p. : |b il. ; |c 22 cm. | ||
| 650 | 7 | |a Electrónica. |2 unbist | |
| 650 | 7 | |a Circuitos electrónicos. |2 unbist | |
| 700 | 1 | |a Wallace, George Arthur. | |
| 859 | |a AR-BaUNS |b BIB. CENTRAL - Sector B |h 621.3 |i G791a4 |p 60669/971 |t Ej.2 | ||
| 859 | |a AR-BaUNS |b BIB. CENTRAL - Sector B |h 621.3 |i G791a4 |p 60674/971 |t Ej.5 | ||
| 859 | |a AR-BaUNS |b BIB. CENTRAL - Sector B |h 621.3 |i G791a4 |p 82767/979 |t Ej.31 | ||
| 859 | |a AR-BaUNS |b BIB. CENTRAL - Sector B |h 621.3 |i G791a4 |p 113250/002 |t Ej.45 | ||
